[Event "Oregon Junior Closed - Championship"]
[Site "?"]
[Date "2022.12.09"]
[Round "1"]
[White "Nair, Roshen"]
[Black "Erard, Eric"]
[Result "1-0"]
[WhiteElo "2073"]
[BlackElo "1935"]
[Annotator "Wilson Gibbins"]
[PlyCount "53"]

{[%evp 0,53,36,20,36,32,33,32,39,28,25,0,0,0,0,26,38,38,50,42,47,36,58,30,63,
59,64,60,60,53,100,56,143,56,44,64,95,60,94,65,125,136,145,53,43,-135,-15,-25,
122,111,111,112,674,691,688,702]} {The importance of this first round game was
not obvious going in. Roshen is the defending co-champion, and this is Eric's
first year in the closed. Roshen was played 1.c4 and 1.Nf3 last year, but
switched to 1.e4 in 2022. Eric plays the French, a relatively conventional
opening for him, as mentioned above. The players conspire to make the game as
tactical as any Sicilian.} 1. e4 e6 2. d4 d5 3. Nc3 Nf6 4. e5 Nfd7 5. f4 c5 6.
Nf3 Nc6 7. Be3 cxd4 8. Nxd4 Be7 {Eric's developing move looks normal, but it
not that popular. It should not be confused with 7...Be7, which appears in a
few of my French repertoire books.} ({The usual moves are} 8... Bc5 {preparing
to trade some pieces,}) ({or} 8... Qb6 {entering a memory-challenging
poison-pawn line that begins} 9. Qd2 Qxb2 10. Rb1 Qa3) 9. Qd2 Nc5 10. Be2 O-O
11. O-O-O Qe8 {I like the look of this move, but Stockfish is not impressed.} (
11... Bd7 {with a normal White advantage over the French that I can never find
a way to exploit.}) 12. h4 f6 13. exf6 Bxf6 14. Bf3 Qe7 ({The tricky} 14... Na4
{tries to make something from the 11...Qe8 move} 15. Nxa4 $2 (15. Nce2 {
retains White's advantage}) 15... Nxd4 16. Bxd4 Qxa4 $11) 15. h5 Bd7 $2 16. h6
$2 $16 ({The engine notices an even better move} 16. Nf5 $1 exf5 17. Qxd5+ Be6
18. Qxc5 $18 {The French appears solid, but this line is full of tactical
tricks.}) 16... g6 17. Rhe1 Bh4 18. Re2 $16 (18. Nxd5 $1 $18 exd5 19. Bxd5+ Ne6
(19... Kh8 20. Nxc6 bxc6 21. Bd4+) 20. Nxe6 Bxe6 21. Bf2 Nd8 22. Rxe6 Nxe6 23.
Re1 Bxf2 24. Rxe6 {and although White is temporarily a rook down, he has an
overwhelming position based on the potential discovered check when White moves
the rook, the hanging bishop on f2, and possibility of checkmate if White's
queen finds its way to g7.}) 18... Rad8 19. Bg1 (19. Nxd5 $1) 19... Rf7 20.
Nxd5 $1 Qf8 21. Nc3 $2 $16 (21. Nxc6 Bxc6 22. Bxc5 Qxc5 23. Rxe6 $18) 21...
Rxf4 {White is much better, but the move that maintains the big advantage is
hard to find.} 22. Ne4 $2 (22. g3 $1 {lures Black's bishop off the protection
of the rook on d8, which means the bishop on d7 will be pinned} Bxg3 23. Nxc6
bxc6 24. Bxc5 Qxc5 25. Ne4 Qf8 26. Nxg3 Rxf3 27. Qg5 {and Black's pinned
bishop on d7 combined with the weakness of his kingside give him too many
problems to solve. Moves like Rf2-e2 and Ng3-e4 are coming.}) 22... Nxe4 $2 ({
Black's last chance is} 22... Nxd4 $1 23. Qxd4 Bb5 {and Black is close to
winning}) 23. Rxe4 $11 e5 $2 (23... Rxe4 24. Bxe4 $11) 24. Rxf4 Qxf4 25. Bd5+
Kh8 (25... Kf8 26. Be3 Qf6 27. Nxc6 Bxc6 28. Qb4+ Ke8 29. Bxc6+ bxc6 30. Rxd8+
Kxd8 31. Qb8+ Kd7 32. Qxa7+ $16) 26. Qxf4 exf4 27. Nxc6 {winning at least a
piece as White threatens 28.Bd4+} 1-0

[Event "Oregon Junior Closed - Challengers"]
[Site "?"]
[Date "2022.12.09"]
[Round "1"]
[White "Lykins, Pace"]
[Black "Adebolu, Ademidun"]
[Result "0-1"]
[WhiteElo "1750"]
[BlackElo "1439"]
[Annotator "Wilson Gibbins"]
[PlyCount "48"]

{[%evp 0,48,19,10,51,51,104,74,68,89,90,21,66,-9,-7,-7,-19,-52,-53,-42,-40,-28,
-20,-78,-65,-67,-38,-82,-93,-94,-102,-96,-102,-460,-461,-857,-813,-777,-776,
-772,-784,-1046,-1058,-1106,-1133,-1139,-1222,-1408,-1404,-2060,-29986]} 1. e4
c5 2. Nf3 g6 3. d4 cxd4 4. Nxd4 Bg7 5. c3 {It is logical to blunt the force of
Black's dragon bishop, but this move is not forceful enough. If White is
hesitant in a Sicilian, Black will take over.} (5. c4 {is the dreaded Maróczy
Bind which nobody seems to dread anymore.}) (5. Nc3 Nc6 6. Be3 {is another
popular line, trying to reach a Yugoslav attack against the Dragon without
falling for some tactical trick along the way.}) 5... Nf6 6. Bd3 O-O 7. Nd2 e5
$1 {Doesn't this leave a hole on d5?} 8. Ne2 d5 $1 {The hole on d5 didn't last
long.} 9. O-O Nc6 10. exd5 Qxd5 {Normally young players are discouraged from
bringing their queen out too early, the notable exception being Vinnie's
advice to Max Pomeranc in final scene of "Searching for Bobby Fischer." But
Ademidun has judged that Black's queen is safe in the middle of a full board
of pieces.} 11. Qc2 Be6 12. Ne4 Rac8 13. a3 Rfd8 14. Nxf6+ Bxf6 15. Be4 Qb5 {
Black is a little better developed, so White must be careful} 16. f4 $2 (16. a4
) 16... Bb3 $1 {wins the knight on e2} 17. Bxc6 Qc5+ 18. Nd4 Bxc2 {or wins
White's queen} 19. fxe5 Bxe5 20. Be3 Bxd4 21. cxd4 Qxc6 22. Rac1 Qb5 23. Rf6
Qe2 24. Bh6 Be4 0-1

[Event "Oregon Junior Closed - Championship"]
[Site "?"]
[Date "2022.12.10"]
[Round "2"]
[White "Chang, Calvin"]
[Black "Nair, Roshen"]
[Result "0-1"]
[WhiteElo "1765"]
[BlackElo "2073"]
[Annotator "Wilson Gibbins"]
[PlyCount "118"]

{[%evp 0,118,27,23,43,41,77,57,80,26,45,28,55,41,34,37,21,44,33,36,37,57,37,44,
88,36,34,17,39,7,12,-5,27,-11,-29,-33,-42,-45,-51,-57,-44,-95,-63,-78,-34,-56,
-74,-116,-135,-111,-133,-114,-132,-143,-143,-139,-63,-57,-29,-29,0,-28,-33,-35,
8,-42,-11,-51,-51,-53,-64,-55,-59,-53,-65,-66,-69,-71,-71,-88,-105,-124,-107,
-114,-110,-108,-104,-149,-103,-150,-145,-156,-156,-159,-194,-438,-214,-525,
-615,-933,-956,-1262,-1282,-1022,-1250,-1445,-1250,-1493,-1022,-1503,-1032,
-1459,-1561,-29981,-29986,-29991,-29990,-29991,-29988,-29993,-29994]} 1. e4 c5
2. Nf3 d6 3. d4 cxd4 4. Nxd4 Nf6 5. Nc3 a6 6. Be3 e5 7. Nb3 Be6 8. f3 Nbd7 9.
Qd2 h5 {This move looks strange to your annotator's old eyes - where will
Black castle?. But it is popular and scores well. As a Sicilian player, I have
frequently been crushed by White's kingside pawn storms, so any move that
restrains White's obvious and effective plan starts to make sense.} 10. O-O-O
Rc8 11. Kb1 b5 12. h3 {An interesting try.} (12. Nd5 {is the most popular move
in this position, but it historically it hasn't achieved much.} Bxd5 13. exd5
Nb6 14. Bxb6 (14. Qa5 Nbxd5 15. Bf2 {has been played successfully a few times
in 2022, and the engine thinks White is OK in spite of the missing pawn.})
14... Qxb6 {is rather even.}) 12... Be7 13. Rg1 h4 14. f4 Qc7 15. a3 Nb6 16. f5
$6 {This tempting move gives Black a slight advantage.} (16. Bxb6 Qxb6 17. Bd3
$11) 16... Bd7 $1 $15 {Roshen loses a little time to retain this important
bishop. It defends the pawn on b5, making the advance of Black's queenside
pawns easier. And it keeps a piece that can fight for the important d5 square.}
({My automatic choice would be} 16... Bc4 {but White has equality after} 17.
Na5) ({The move} 16... Bxb3 $2 {it is a positional mistake. Sure, it saves
time and leaves Black with a center pawn majority. But after} 17. cxb3 {
1. The cluster of pawns on the a and b files keeps White's king safe 2. White
can now contest the c-file which is normally a source of Black's counterplay.
3. White can always prevent Black's d6-d6 break by taking the knight on b6 and
playing a knight to d5.}) 17. Bxb6 $2 {Stops the d6-d5 break, but with both
Black's queen and bishop defending the b-pawn, Black's queenside pawns will
roll forward.} Qxb6 18. Bd3 a5 $1 19. Na2 Bd8 20. g4 hxg3 21. Rxg3 Kf8 $1 22.
Rdg1 Rh7 $1 {It looks like White's major pieces are about to crash through on
the Kingside, but Black has sufficient defensive resources to hold the line.}
23. Nbc1 Bc6 24. Qg2 Nh5 $1 25. Rg4 Nf4 26. Qf1 Bf6 27. Ne2 Nxe2 $2 {Black is
still better after this move, but Black can leave the knight on f4. If white
plays Ne2xf4, exf4 will open a diagonal for Black's bishop on f6 towards
White's king.} (27... b4 28. axb4 axb4 29. Nxf4 $6 exf4 30. Qxf4 b3 $1 {
opens more lines towards White's king} 31. Qxd6+ Be7 32. Qh2 bxa2+ 33. Ka1 Bf6
34. Qd6+ Ke8 (34... Kg8 $4 35. Qxf6 $18) 35. e5 {And while the position might
look a little sketchy for Black with his king caught in the center} Be7 36. Qd4
Bc5 {gives Black an overwhelming material advantage}) 28. Bxe2 $15 Ke7 (28...
b4 29. axb4 axb4 30. Bc4 Qd4 31. Qd3 Qxd3 32. Bxd3 Rb8 $15) 29. R1g3 $1 $11 {
Calvin has fought his way back into the game.} Rb8 30. Rb3 Rhh8 31. Qd1 Rb7 32.
Rgg3 Rhb8 33. Bxb5 $6 {simplifying into a slightly better endgame for Black.
Just the kind of position Roshen plays well.} (33. Nc3 {is still equal}) 33...
Bxb5 34. a4 Qd4 35. Qxd4 exd4 36. axb5 Rxb5 37. Rxb5 Rxb5 38. Rb3 $6 (38. Nc1
$15) 38... Rxb3 39. cxb3 {Both sides have many weak pawns. Whose pawns are
weaker?} d5 $1 {Roshen liquidates one of his weak pawns while making White's
pawn on f5 weaker, activating his king in the process.} 40. exd5 Kd6 41. b4 a4
42. Kc2 Kxd5 43. Kd3 Bg5 44. b5 {this is the best try, pushing this passed
pawn, but it is insufficient to hold the game.} Kc5 45. b6 Kxb6 46. Kxd4 Bf6+
$1 47. Kd5 Bxb2 {The material is reduced, White is only one pawn down, but the
game cannot be saved.} 48. h4 Kb5 49. h5 a3 50. Kd6 Kc4 51. Ke7 Kb3 52. f6
Bxf6+ 53. Kxf7 Kxa2 54. Kg6 Kb1 55. Kf7 a2 56. Kg6 a1=Q 57. Kh7 Qe5 58. Kg6
Qg5+ 59. Kh7 Qxh5+ 0-1

[Event "Oregon Junior Closed - Challengers"]
[Site "?"]
[Date "2022.12.11"]
[Round "4"]
[White "Nobles, Will"]
[Black "Adebolu, Ademidun"]
[Result "0-1"]
[WhiteElo "1735"]
[BlackElo "1439"]
[Annotator "Wilson Gibbins"]
[PlyCount "64"]

{[%evp 0,64,19,28,40,37,95,72,85,14,9,10,-2,9,4,23,1,1,0,16,6,-26,-27,-23,-19,
-30,-1,-16,25,17,-3,-4,-11,-7,23,-105,-82,-67,8,56,88,-408,-408,-568,-590,-590,
-763,-763,-291,-322,-337,-423,-423,-510,-515,-520,-436,-29995,-29992,-29993,
-29994,-29995,-29994,-29995,-29996,-29997,-29994]} 1. e4 c5 2. Nc3 g6 3. Nge2 {
The Chameleon Sicilian. Maybe it will be an open Sicilian, maybe a closed.
Time will tell.} Bg7 4. g3 Nc6 5. Bg2 d6 6. O-O Nf6 7. d4 {An open Dragon
Sicilian, just as if White had played 2.Nf3 and 3.d4. The Chameleon Sicilian
is a problem for Sicilian players who have incompatible repertoires in the
Open and Closed variations - in particular, players who fianchetto their
king's bishop in closed lines but do not play the Dragon. But Ademidun seems
pretty comfortable in these Dragon positions - see his game from Round 1
against Pace Lykins.} cxd4 8. Nxd4 Nxd4 9. Qxd4 O-O 10. h3 Be6 11. Qd1 Qd7 12.
Kh2 Rfd8 13. f4 d5 $6 {Sicilian defenders should always be looking for this
pawn break in the center, but in this case it gives White a lot of space on
the kingside.} 14. e5 Ne8 15. Qd4 {blockading Black's d-pawn. Normally the
queen is a poor blockader, but here it is hard to drive it off d4. Ademidun
tries to find a way.} Nd6 $5 {A tricky move, exploiting the pin on the d-pawn
to free his knight.} 16. g4 {Stopping the knight from reaching the active f5
square, but it was OK to allow it.} (16. Rd1 Nf5 17. Qf2 d4 18. g4 $13) 16...
Rac8 17. Bxd5 $6 {White's open kingside and undeveloped queenside make this
pawn grab a risky proposition.} (17. Qf2 $14) ({The greedy} 17. Qxa7 $5 {
is also playable}) 17... Nb5 $1 (17... Ne8 $1 {also works.}) 18. Nxb5 Qxb5 ({
Black keep his advantage with the in-between move} 18... Rxc2+ {if he can
calculate as far as} 19. Bg2 Bd5 20. Rf2 Rxf2 21. Qxf2 Bxg2 {Material is even,
but Black is better.}) 19. c4 Rxd5 $5 {Most Black queen retreats are also
equal, but this move is the most challenging to meet} 20. cxd5 $2 ({The
cold-blooded} 20. Qxd5 $1 {is the only move that retains equality} Bxd5 21.
cxb5 Rc2+ 22. Kg3 Rg2+ {gives Black sufficient play for his material deficit})
20... Qxf1 {and Black wins. Eternal tactical vigilance is the price of playing
the open Sicilian, either as White or Black.} 21. dxe6 Rc2+ 22. Bd2 Qe2+ 23.
Kg3 Qxd2 24. exf7+ Kxf7 25. e6+ Kxe6 26. f5+ gxf5 27. gxf5+ Kf7 28. Qa4 Qh2+
29. Kg4 Rg2+ 30. Kf3 Qxh3+ 31. Ke4 Rg4+ 32. Kd5 Rxa4 0-1

[Event "Oregon Junior Closed - Championship"]
[Site "?"]
[Date "2022.12.11"]
[Round "5"]
[White "Chang, Calvin"]
[Black "Erard, Eric"]
[Result "0-1"]
[WhiteElo "1765"]
[BlackElo "1935"]
[Annotator "Wilson Gibbins"]
[PlyCount "94"]

{[%evp 0,94,26,18,55,40,48,53,86,70,70,54,60,64,55,34,54,20,20,15,59,61,62,40,
34,60,88,68,90,47,47,68,107,99,110,77,118,106,97,100,82,-5,-5,-9,-20,0,8,-216,
-203,-268,-170,-158,-61,-63,50,-152,-132,-81,-109,-397,-268,-295,-284,-271,
-382,-387,-388,-436,-458,-467,-510,-667,-702,-784,-809,-809,-574,-686,-686,
-705,-649,-1657,-1767,-29991,-29984,-29985,-900,-1329,-1664,-1887,-1802,-29993,
-29994,-29997,-29998,-29999,-30000]} {Roshen had a quick draw in round 5,
giving Eric the opportunity to catch him if he can win on demand with Black in
the last round.} 1. e4 e6 {Another French for Eric, repeating his first round
opening against Roshen?} 2. d4 a6 $5 {Nope, Eric has three straight wins with
non-conventional openings - two Polish openings as White, one Borg (1.e4 g5)
as Black. Why stop now?} 3. Bd3 b5 4. c3 c5 5. Be3 c4 6. Bc2 Bb7 7. Nd2 Nf6 8.
f3 Be7 9. Ne2 d6 10. O-O Nbd7 11. Qe1 Qc7 12. Qg3 {White has played sensibly
and has the edge. But this is the kind of anti-classical position that Eric
thrives on.} Rg8 13. f4 {Preparing to push pawns and open the center, where it
appears Black's king will reside, as surely Black will not castle behind the
advanced queenside pawns. But if you can predict Black's next move, you might
start to snipe away at the queenside.} (13. a4 g5 $5 {White is better, but it
is a unnerving to see pawns advance towards one's king. 13.f4 restrains
Black's kingside pawn advances.}) (13. b3) 13... O-O-O $5 {Risky moves get
labeled !? if they succeed, ?! if they fail.} 14. b3 cxb3 15. axb3 h5 16. c4 b4
{keeping lines as closed as possible on the Queenside, at the cost of giving
White an impressive pawn center.} 17. Ra4 Rdf8 ({Black can start his plan
immediately} 17... Ng4 18. Rxb4 g5 {making a mess while holding White's
advantage to a minimum} 19. fxg5 Nxe3 20. Qxe3 Bxg5 21. Qc3) 18. Bd3 Ng4 19.
Rc1 g5 20. f5 Nxe3 (20... exf5 21. exf5 Re8 22. Rxb4 Nxe3 23. c5 (23. Qxe3 $2
g4) 23... dxc5 24. Qxe3) 21. Qxe3 g4 22. Nf4 {This knight move isn't wrong,
but it leaves the rook on c1 undefended, so the attempts to open the position
with the c4-c5 move will be less threatening.} (22. c5 Bg5 23. Qxg5 $1 Rxg5 24.
cxd6 Qxc1+ 25. Nxc1 {creates a messy position that Stockfish claims is much
better for White.}) 22... Bg5 23. Qf2 $2 {This queen move to unpin the knight
gets White into trouble.} e5 (23... h4 $15) 24. dxe5 $2 (24. c5 {Not sure
anyone would play this with the rook on c1 undefended, but Stockfish claims
equality based on some long lines}) 24... dxe5 $2 $15 {The natural recapture
is not best} (24... Qc5 $1 25. Qxc5+ (25. Nd5 Nxe5 26. Bb1 Bxd2) 25... Nxc5 26.
g3 Nxa4 27. bxa4 dxe5) (24... Nc5 25. Bb1 Bxf4 26. Qxf4 dxe5) 25. c5 $1 {
Calvin finds his best plan - crack open the queenside at any cost.} Bxf4 $2 (
25... g3 $1 26. hxg3 exf4 {accelerates the process of cracking White's
kingside.}) 26. c6 $1 $16 {The tide has turned in Calvin's favor} Kd8 27. Rc2
$11 (27. g3 $1 {keeps White's kingside closed for longer. The h5-h4 pawn break
is slower than the g4-g3 pawn break.}) 27... Bxc6 28. Rxa6 g3 $1 $11 29. Qe2 $2
(29. hxg3 Bxg3 30. Qe3 Bf4 31. Qf2 Bg3 $11 (31... Nb8 $2 32. Ra7)) 29... gxh2+
{it has been a tense, back-and-forth game until now, but Black keeps the win
in hand the rest of the game, despite his open king. White can't bring quite
enough firepower to the attack, and the pawn on h2 is a monster.} 30. Kh1 Nb8
31. Bb5 Bxb5 32. Qxb5 Nxa6 33. Rxc7 Nxc7 34. Qxb4 Re8 35. Nc4 Rxg2 36. Kxg2
Rg8+ 37. Kf2 h1=Q 38. Qb8+ Ke7 39. Qxg8 Ne8 40. f6+ Nxf6 41. Qb8 Nxe4+ 42. Ke2
Qb1 43. Qb7+ Kf6 44. Qc6+ Kg7 45. Kf3 Qd3+ 46. Kg2 Qg3+ 47. Kf1 Qf2# 0-1